000 00214nam a22001097a 4500
041 _aENG
245 _aShariy Mruda Sudhar Ke Upay
260 _aDelhi
_bICER
_c1986
300 _a07
650 _aGAE
856 _uGAE
999 _c2626
_d2626